000 00643cam a2200217 i 4500
001 409869
005 20260318074645.0
008 800630s1981 nyua 001 0 eng
020 _a0070090424
020 _a9780070090422
050 0 0 _aHD31
_b.B7699
082 0 0 _a658
_219
100 1 _aBurke, Ronald S.
245 1 0 _aIntroduction to management practice /
_cRonald S. Burke, Lester R. Bittel.
260 _aNew York :
_bGregg Division, McGraw-Hill Book Co.,
_cc1981.
300 _axi, 580 p. :
_bill. ;
_c24 cm.
500 _aIncludes index.
650 0 _aManagement.
700 1 _aBittel, Lester R.,
_ejoint author.
942 _2lcc
_cBK
_n0
999 _c9082
_d9082